000 00637nam a2200205Ii 4500
003 JO-AjNU
008 230605s9999||||xx |||||||||||||| ||und||
017 _a1994/4/357
040 _aJO-AjNU
_bara
_erda
_cJO-AjNU
041 _aara
050 1 4 _aRM666N6.Q2268 2005
100 3 _aالقداحي ، فرح عبدالحميد,
_eauthor
_97518
245 0 0 _aالشفاء بالحبة السوداء
264 3 1 _aعمان: دار الاسراء للنشر، 2005
300 _a72ص
336 _atext
_btxt
_2rdacontent
337 _aunmediated
_bn
_2rdamedia
338 _avolume
_bnc
_2rdacarrier
650 4 _aالطب النبوي
_97519
999 _aA320
_c3888
_d3888